000 00371pab a2200145 454500
008 180718b2004 xxu||||| |||| 00| 0 eng d
100 _aLubell, Mark
245 _aCollaborative watershed management: a view from the grassroots
260 _c2004
300 _ap.341-361.
362 _aAug
650 _aWatersheds
773 _aPolicy Studies Journal
909 _a62208
999 _c62208
_d62208